ARRUPE JESUIT UNIVERSITY

CORONAVIRUS -STOP THE SPREAD - CLEAN,DISINFECT,COVER

Ecumenical perspectives on Baptism, eucharist, and ministry / (Record no. 120990)

MARC details
000 -LEADER
fixed length control field 01183cam a2200337 a 4500
001 - CONTROL NUMBER
control field 662139
003 - CONTROL NUMBER IDENTIFIER
control field ARRUPE
005 - DATE AND TIME OF LATEST TRANSACTION
control field 20140925163738.0
008 - FIXED-LENGTH DATA ELEMENTS--GENERAL INFORMATION
fixed length control field 940715s1983 sz b 000 0 eng d
010 ## - LIBRARY OF CONGRESS CONTROL NUMBER
LC control number 94184098
020 ## - INTERNATIONAL STANDARD BOOK NUMBER
International Standard Book Number 2825407585
035 ## - SYSTEM CONTROL NUMBER
System control number (OCoLC)9862392
040 ## - CATALOGING SOURCE
Original cataloging agency IaDuT
Transcribing agency IaDuT
Modifying agency PPStCh
-- DLC
042 ## - AUTHENTICATION CODE
Authentication code lccopycat
050 00 - LIBRARY OF CONGRESS CALL NUMBER
Classification number BX9.5.S2
Item number E26 1983
082 00 - DEWEY DECIMAL CLASSIFICATION NUMBER
Classification number 234/.16
Edition number 20
300 ## - PHYSICAL DESCRIPTION
Dimensions 22 cm.
100 ## - MAIN ENTRY--PERSONAL NAME
Personal name Thurian, Max.
9 (RLIN) 11769
245 00 - TITLE STATEMENT
Title Ecumenical perspectives on Baptism, eucharist, and ministry /
Statement of responsibility, etc edited by Max Thurian.
260 ## - PUBLICATION, DISTRIBUTION, ETC. (IMPRINT)
Place of publication, distribution, etc Geneva :
Name of publisher, distributor, etc World Council of Churches,
Date of publication, distribution, etc c1983.
300 ## - PHYSICAL DESCRIPTION
Extent xviii, 246 p. ;
440 #0 - SERIES STATEMENT/ADDED ENTRY--TITLE
Title Faith and order paper ;
Volume number/sequential designation no. 116
9 (RLIN) 11770
504 ## - BIBLIOGRAPHY, ETC. NOTE
Bibliography, etc Includes bibliographical references.
630 00 - SUBJECT ADDED ENTRY--UNIFORM TITLE
Uniform title Baptism, Eucharist, and ministry.
9 (RLIN) 11771
650 #0 - SUBJECT ADDED ENTRY--TOPICAL TERM
Topical term or geographic name as entry element Baptism and Christian union.
9 (RLIN) 11772
650 #0 - SUBJECT ADDED ENTRY--TOPICAL TERM
Topical term or geographic name as entry element Sacraments and Christian union.
9 (RLIN) 11773
700 1# - ADDED ENTRY--PERSONAL NAME
Personal name Thurian, Max.
9 (RLIN) 11774
710 2# - ADDED ENTRY--CORPORATE NAME
Corporate name or jurisdiction name as entry element World Council of Churches.
Subordinate unit Commission on Faith and Order.
9 (RLIN) 11775
906 ## - LOCAL DATA ELEMENT F, LDF (RLIN)
a 7
b cbc
c copycat
d 3
e ncip
f 19
g y-gencatlg
942 ## - ADDED ENTRY ELEMENTS (KOHA)
Source of classification or shelving scheme Library of Congress Classification
Koha item type Monograph ( Printed materials)
Holdings
Withdrawn status Lost status Source of classification or shelving scheme Damaged status Not for loan Collection code Home library Current library Shelving location Date acquired Total Checkouts Full call number Barcode Date last seen Price effective from Koha item type
    Library of Congress Classification     Main Collection ARRUPE LIBRARY ARRUPE LIBRARY Main Collection 25/09/2014   BX9.5.S2 E26 1983 46500001392 28/02/2017 25/09/2014 Monograph ( Printed materials)

 

Arrupe Library. PO Box MP320 Mt Pleasant, Harare, Zimbabwe
263 242 745411|librarian@aju.ac.zw